000
00319 a2200109 4500
001
ART_43487
005
20260410162024.0
008
260409a
245
1
0
_a
The returns to school quality
100
1
_a
Strayer, Wayne
773
0
_t
Journal of labor economics
_g
- Vol. 20, NÂș 3 (jul. 2002)
_w
REV43438
999
_c
33406
_d
33406